Normal view
MARC view
- TEXTBOOK-DME.PRINCIPLES OF MODERN MANUFACTURING
Entry Topical Term
001 - CONTROL NUMBER
- control field: 62336
003 - CONTROL NUMBER IDENTIFIER
- control field: NUST
005 - DATE AND TIME OF LATEST TRANSACTION
- control field: 20210628202926.0
008 - FIXED-LENGTH DATA ELEMENTS
- fixed length control field: 210628|| aca||aabn | a|a d
040 ## - CATALOGING SOURCE
- Original cataloging agency: NUST
- Transcribing agency: NUST
150 ## - HEADING--TOPICAL TERM
- Topical term or geographic name entry element: TEXTBOOK-DME.PRINCIPLES OF MODERN MANUFACTURING
670 ## - SOURCE DATA FOUND
- Source citation: Work cat.: (NUST): Groover, Mikell P 10254, Principles of modern manufacturing ,si version, 2016
